Detské kardiocentrum by uvítalo prístavbu pavilónu jednotlivé oddelenia sú na viacerých poschodiach bez funkčnej nadväznosti a hrozia nozokomiálne infekcie

Bibliographic Details
Format: Article
Language:Slovak
ISSN:1335-4477
Subjects:

MARC

LEADER 00000nab a2200000 a 4500
001 vtls008934288
003 SK-MaSNL
005 20260303070606.0
008 140303c2006 xo wrzp 0 0slo
015 |a SNBRB2007/01  |2 snkbucl 
040 |a SNKBUCL  |b slo  |c SNKBUCL  |e AACR2 
041 0 |a slo 
044 |a xo  |c SK 
080 |a 725.51  |x (437.)  |2 1997 
080 |a 616.12: 725.51  |x (437.)  |2 1997 
245 0 0 |a Detské kardiocentrum by uvítalo prístavbu pavilónu  |b jednotlivé oddelenia sú na viacerých poschodiach bez funkčnej nadväznosti a hrozia nozokomiálne infekcie  |c [autor] (mi) 
610 2 7 |a Detské kardiocentrum (Bratislava, Slovensko)  |2 snkbucl  |9 1068223 
773 0 |t Zdravotnícke noviny  |g Roč. XI, č. 45 (2006), s. 9  |x 1335-4477 
852 |a SNK  |b KIS3GCP 
958 |a MI 
958 |a SK 
999 |c 1756040  |d 1757970